Prístupy k meraniu operačného rizika banky

Existujúce prístupy k meraniu operačného rizika v podmienkach Slovenskej republiky. Hlavné metódy – metóda základného ukazovateľa, štandardizovaná metóda a pokročilé metódy. Výpočet kapitálovej požiadavky na krytie operačného rizika. Opis jednotlivých metód a výsledky piatej kvantitatívnej dopadove...

Descrizione completa

Salvato in:
Dettagli Bibliografici
Autore principale: Szpyrc, Miroslav
Altri autori: Tej, Jakub
Natura: Capitolo di libro
Lingua:slovacco
Soggetti:
Tags: Aggiungi Tag
Nessun Tag, puoi essere il primo ad aggiungerne!!

MARC

LEADER 00000naa a2200000 4500
001 0162639
005 20231116091655.8
041 0 |a slo 
044 |a SK 
245 1 0 |a Prístupy k meraniu operačného rizika banky  |c Miroslav Szpyrc, Jakub Tej 
520 |a Existujúce prístupy k meraniu operačného rizika v podmienkach Slovenskej republiky. Hlavné metódy – metóda základného ukazovateľa, štandardizovaná metóda a pokročilé metódy. Výpočet kapitálovej požiadavky na krytie operačného rizika. Opis jednotlivých metód a výsledky piatej kvantitatívnej dopadovej štúdie, ktorá skúma potenciálny kvantitatívny dopad použitia jednotlivých metód na meranie operačného rizika banky v analyzovaných krajinách. 
610 2 0 |a riziko operačné 
610 2 0 |a riziko bankové 
610 2 0 |a meranie 
610 2 0 |a Slovensko 
610 2 0 |a výkonnosť 
610 2 0 |a banky 
100 1 |a Szpyrc, Miroslav 
700 1 |a Tej, Jakub